Laudo pronunciado por... Grover Cleveland, Presidente de los Estados Unidos de América en las cuestiones sometidas a su decisión por las repúblicas de Costa Rica y Nicaragua / (Record no. 44620)

MARC details
000 -LEADER
campo de control de longitud fija 00773nam a2200193 i 4500
001 - NÚMERO DE CONTROL
campo de control 44620
003 - IDENTIFICADOR DE NÚMERO DE CONTROL
campo de control ES-MaACL
005 - FECHA Y HORA DE LA ÚLTIMA TRANSACCIÓN
campo de control 20230906161050.0
007 - CAMPO FIJO DE DESCRIPCIÓN FÍSICA--INFORMACIÓN GENERAL
campo de control de longitud fija t|
008 - DATOS DE LONGITUD FIJA--INFORMACIÓN GENERAL
campo de control de longitud fija 030321s1888 xxu ||||1| spa d
100 1# - ENTRADA PRINCIPAL--NOMBRE DE PERSONA
Nombre de persona Cleveland, Stephan Grover.
9 (RLIN) 39244
245 10 - MENCIÓN DEL TÍTULO
Título Laudo pronunciado por... Grover Cleveland, Presidente de los Estados Unidos de América en las cuestiones sometidas a su decisión por las repúblicas de Costa Rica y Nicaragua /
Mención de responsabilidad, etc. é informe presentado al árbitro por ... George L. Rives.
260 ## - PUBLICACIÓN, DISTRIBUCIÓN, ETC.
Lugar de publicación, distribución, etc. Washington :
Nombre del editor, distribuidor, etc. [s.n.],
Fecha de publicación, distribución, etc. 1888.
300 ## - DESCRIPCIÓN FÍSICA
Extensión 32 p. ;
Dimensiones 24 cm.
651 #4 - PUNTO DE ACCESO ADICIONAL DE MATERIA--NOMBRE GEOGRÁFICO
Nombre geográfico Costa Rica-
Subdivisión general Fronteras-
Subdivisión geográfica Nicaragua.
9 (RLIN) 154969
651 #4 - PUNTO DE ACCESO ADICIONAL DE MATERIA--NOMBRE GEOGRÁFICO
Nombre geográfico Nicaragua-
Subdivisión general Fronteras-
Subdivisión geográfica Costa Rica.
9 (RLIN) 154970
700 1# - ENTRADA AGREGADA--NOMBRE PERSONAL
Nombre de persona Rives, George L.
9 (RLIN) 97718
852 ## - LOCALIZACIÓN
Ubicación ES-MaACL
Número de control de estantería T-548-F-2
Holdings
Estatus retirado Estado de pérdida Estado de daño No para préstamo Colección Biblioteca de origen Biblioteca actual Ubicación en estantería Fecha de adquisición Fuente de adquisición Total de préstamos Signatura topográfica completa Código de barras Visto por última vez Precio de reemplazo Tipo de ítem Koha
        Colección de folletos Biblioteca del Ateneo de Madrid Biblioteca del Ateneo de Madrid Depósito folletos 17/01/2008     T-548-F-2 1046962 23/02/2023 23/02/2023 Folleto